[Event "Politiken Cup 28th"]
[Site "Copenhagen"]
[Date "2006.07.29"]
[Round "8"]
[White "Schou Moldt, Thomas"]
[Black "Larsen, Andreas"]
[Result "1-0"]
[WhiteElo "2184"]
[BlackElo "1975"]
[PlyCount "63"]
[EventDate "2006.07.22"]
[EventType "swiss"]
[EventRounds "9"]
[EventCountry "DEN"]
[SourceTitle "CBM 113 Extra"]
[Source "ChessBase"]
[SourceDate "2006.09.14"]
[SourceVersion "1"]
[SourceVersionDate "2006.09.14"]
[SourceQuality "1"]

1. d4 d5 2. Nf3 c6 3. c3 f5 4. Bg5 Nf6 5. Bxf6 exf6 6. e3 Bd6 7. Bd3 f4 8. Qc2 Bg4 9. Nbd2 Nd7 10. 0-0-0 Qa5 11. Kb1 fxe3 12. fxe3 0-0-0 13. Bxh7 Kb8 14. Bf5 Bxf5 15. Qxf5 Nb6 16. e4 g6 17. Qxf6 dxe4 18. Nxe4 Nd5 19. Qg5 Bf4 20. Qg4 Rhe8 21. Nf6 g5 22. Nxd5 Qxd5 23. Rhe1 b5 24. h4 b4 25. cxb4 Qc4 26. hxg5 Bd6 27. Rxe8 Rxe8 28. Qd7 Re6 29. d5 Qe2 30. Qd8+ Kb7 31. dxc6+ Kxc6 32. Nd4+ 1-0

[Event "Politiken Cup 28th"]
[Site "Copenhagen"]
[Date "2006.07.25"]
[Round "4"]
[White "Wiwe, Andreas"]
[Black "Larsen, Andreas"]
[Result "0-1"]
[WhiteElo "2215"]
[BlackElo "1975"]
[PlyCount "86"]
[EventDate "2006.07.22"]
[EventType "swiss"]
[EventRounds "9"]
[EventCountry "DEN"]
[SourceTitle "CBM 113 Extra"]
[Source "ChessBase"]
[SourceDate "2006.09.14"]
[SourceVersion "1"]
[SourceVersionDate "2006.09.14"]
[SourceQuality "1"]

1. e4 c5 2. Nf3 Nc6 3. d4 cxd4 4. Nxd4 g6 5. c4 Bg7 6. Nc2 d6 7. Nc3 Nf6 8. Be2 0-0 9. 0-0 Be6 10. Bd2 Rc8 11. Rc1 a6 12. b3 Nd7 13. Bg4 f5 14. exf5 Bxf5 15. Ne3 Nd4 16. Nxf5 Nxf5 17. Bf3 e6 18. Bxb7 Rb8 19. Be4 Ne5 20. Ne2 Qh4 21. f3 Rbd8 22. Be1 Qe7 23. Bxf5 Rxf5 24. Nd4 Rf4 25. Bf2 Rdf8 26. Qe2 Kh8 27. Rcd1 g5 28. Be3 R4f7 29. b4 g4 30. f4 Ng6 31. Qxg4 e5 32. fxe5 Qxe5 33. Bf2 Rf4 34. Qe6 Qh5 35. Qh3 Rxf2 36. Ne6 Rxf1+ 37. Rxf1 Rxf1+ 38. Kxf1 Qd1+ 39. Kf2 Qd2+ 40. Kf3 Ne5+ 41. Ke4 Qc2+ 42. Kd5 Qxc4+ 43. Kxd6 Qc6+ 0-1